Biblioteca

Una perspectiva psico-social pastoral al VIH/Sida (Registro nro. 53328)

Detalles MARC
000 -LÍDER
Campo fijo de descripción fija 01129aab a2200229 4500
001 - NÚMERO DE CONTROL
Campo de control 768714001
003 - IDENTIFICADOR DEL NÚMERO DE CONTROL
Campo de control CO-MdFUSB
005 - FECHA Y HORA DE LA ULTIMA TRANSACCIÓN
control field 20240611163918.0
008 - ELEMENTOS DE LONGITUD FIJA -- INFORMACIÓN GENERAL
Campo fijo de descripción fija -- Información general 170512s1995 cr ||||| |||| 00| 0 spa d
022 ## - NÚMERO INTERNACIONAL NORMALIZADO PARA PUBLICACIONES SERIADAS
Número Internacional Normalizado para Publicaciones Seriadas 1409-1968
040 ## - FUENTE DE CATALOGACIÓN
Agencia Catalogadora CO-MdFUSB
Idioma de catalogación spa
Agencia que realiza la transcripción CO-MdFUSB
Agencia que realiza la modificación CO-MdFUSB
041 ## - CÓDIGO DE IDIOMA
Código de idioma para texto/pista de sonido o título separado spa
100 1# - ASIENTO PRINCIPAL--NOMBRE PERSONAL
Nombre personal Pinto, Carlos
Término relacionador autor
245 14 - TÍTULO
Título Una perspectiva psico-social pastoral al VIH/Sida
Mención de responsabilidad / Carlos Pinto
300 ## - DESCRIPCIÓN FÍSICA
Extensión Volumen 12. Número 3 (1995), páginas 44-46
Dimensiones : 27 cm.
520 ## - NOTA DE RESUMEN, ETC.
Nota de sumario, etc. Un impacto en el área psicológica y social experimenta la persona que es diagnosticada con el VIH/SIDA y su familia o personas significativas con las que se convive.<br/>Es necesario que los profesionales de la salud mental, conjuntamente con los ministros y/o pastores involucrados en consejería pastoral, dialoguen y elaboren una propuesta del cuidado integral, eficaz y requerido para esta situación en particular.<br/>
653 ## - TÉRMINO DE INDIZACIÓN - NO CONTROLADO
Término no controlado SIDA
653 ## - TÉRMINO DE INDIZACIÓN - NO CONTROLADO
Término no controlado Perspectiva psico-social pastoral
773 0# - ASIENTO DE ITEM FUENTE
Título Apuntes Pastorales
Biblionumber 49442
Itemnumber 60178
Parte(s) relacionada(s) / Volumen., número. (mes año), páginas Volumen 12. Número 3 (1995), páginas 44-46
Enumeración y primera página Página 44
942 ## - TIPO DE MATERIAL (KOHA)
Tipo de Item KOHA Artículos de Revista
945 ## - INFORMACIÓN LOCAL DEL REGISTRO
Catalogador JTF-925

No hay ítems disponibles.

Biblioteca FUSBC | Teléfono: (57+4) 349 88 10 Ext. 141| WhatsApp (+57) 3005338115 
E-mail: biblioteca@unisbc.edu.co | Calle 76 87-14 Robledo Palenque, Medellín, Colombia

Con tecnología Koha